000 00391nam a22001697a 4500
003 MPLRDC
005 20220104181646.0
008 210129b ||||| |||| 00| 0 eng d
082 _a868.7 AHMb
100 _aABDUL AHMAD
245 _aTIDAK SEMANIS MIMPI
_c
250 _a初版
260 _a
_bDEWAN BAHASA DAN PUSTAKA
_c1989
300 _b
650 _a
942 _cBK
_o868.7 AHMb
999 _c61564
_d61554